000 00606nam a2200205Ii 4500
003 JO-AjNU
008 230606s9999||||xx |||||||||||||| ||und||
020 _a978-0-470-61326-9
040 _aJO-AjNU
_beng
_erda
_cJO-AjNU
041 _aeng
050 1 4 _aHC85.D39.2010
100 3 _aDay,Adrian,
_eauthor
_91850
245 0 0 _aInvesting in Resources:HOW TO PROFIT FROM THE OUTSIZED POTENTIAL AND AVOID THE RISKS
264 3 1 _aCanada:Wiley.2010
300 _a341p
336 _atext
_btxt
_2rdacontent
337 _aunmediated
_bn
_2rdamedia
338 _avolume
_bnc
_2rdacarrier
650 4 _aInvesting
_91851
999 _aE975
_c975
_d975